[Event "RUS-chT Blitz Men 2018"]
[Site "Sochi"]
[Date "2018.10.10"]
[Round "3"]
[White "Lysyj, Igor"]
[Black "Bocharov, Dmitry"]
[Result "1-0"]
[WhiteElo "2631"]
[BlackElo "2557"]
[Annotator "TA"]
[PlyCount "120"]
[EventDate "2018.10.10"]
[EventType "swiss"]
[EventCountry "RUS"]
[SourceTitle "playchess.com"]
[Source "ChessBase"]
[SourceQuality "1"]

{[%evp 15,120,14,25,16,36,25,19,14,20,21,21,21,37,19,18,25,18,23,23,17,17,4,12,-7,0,0,47,30,60,65,47,42,62,33,87,74,232,229,233,231,217,208,315,217,386,124,124,124,124,124,203,190,211,258,266,277,260,284,274,273,272,260,302,285,362,354,362,360,604,576,639,603,608,592,569,554,531,514,6524,6083,3247,6321,6257,5795,5931,5926,5193,5043,2985,1632,2985,326,2389,1631,1379,0,1516,0,1067,815,1064,675,29963,29967,29953,8151,5732]} 1. d4 Nf6 2. c4 e6 3. Nf3 d5 4. g3 Bb4+ 5. Bd2 Be7 6. Bg2 O-O 7. O-O Nbd7 8. Qc2 {E11: Bogo-Indian} (8. Nc3 c6 9. Bf4 dxc4 10. e4 Re8 11. a4 b6 12. d5 exd5 13. exd5 Bb7 14. a5 bxa5 15. d6 Bf8 16. Nd2 Nd5 17. Nxd5 cxd5 18. Nxc4 dxc4 19. Bxb7 {½-½ (42) Nakamura,H (2777)-Karjakin,S (2773) Saint Louis 2018}) 8... Ne4 {LiveBook: 91 Games} 9. a3 a5 10. Nc3 {White is slightly better.} Nxd2 $146 ({Predecessor:} 10... Ndf6 11. c5 Nxd2 12. Nxd2 b6 13. b4 Rb8 14. Nf3 bxc5 15. bxc5 {0-1 (45) Ksieski,Z (2395)-Luettgerding,J Greifswald 1997}) 11. Nxd2 c6 12. Rfd1 f5 13. e3 Rb8 14. Rab1 b5 15. cxb5 cxb5 16. Bf1 b4 17. axb4 Bxb4 18. Na4 Nf6 19. Nc5 Ne4 20. Nf3 Qd6 {[%cal Re4c5]} 21. Rbc1 Bd7 22. Nxd7 Qxd7 23. Ne5 Qe8 24. Qc6 Rc8 (24... Bd6 $14) 25. Qxe8 $16 Rfxe8 $2 (25... Rcxe8 $16 26. Rc6 Bd6) 26. Bb5 $18 Rxc1 27. Rxc1 Rd8 28. Bd7 g6 (28... Ng5 {is a better defense.} 29. Rc8 Rxc8 30. Bxc8 Kf8) 29. Bxe6+ Kg7 $2 (29... Kf8 30. Nf7 Rb8 31. Bxd5 Nf6) 30. Rc8 $2 (30. Rc7+ $18 {has better winning chances.} Kf6 31. Nc6) 30... Rxc8 $16 31. Bxc8 {[%mdl 4096] Endgame KBN-KBN} Kf6 32. Nd3 Nd2 (32... Ke7 $16 {was necessary.} 33. Nf4 Kd6) 33. Bb7 Ke6 34. Nf4+ Kd6 35. Nxd5 Nc4 36. Nxb4 axb4 $18 {KB-KN} 37. Kf1 Nxb2 38. Ke2 Na4 {[#]} 39. Kd2 $1 Nc3 40. Bf3 g5 41. Kc2 h6 $2 (41... g4 42. Ba8 h5) 42. h3 Na2 43. Kb2 Nc3 44. Kb3 Nb1 {[#] ...Nd2+ is the strong threat.} 45. Kxb4 Nd2 46. Bg2 f4 (46... Nb1 $142 47. f4 gxf4) 47. gxf4 gxf4 48. exf4 Ke6 49. Kc3 Nb1+ 50. Kd3 Na3 51. Be4 Nb5 52. h4 Nd6 53. f3 $2 (53. d5+ Kd7 54. Kd4) 53... Kf6 $2 (53... Ne8 54. f5+ Kd6) 54. Ke3 Nc4+ 55. Kd3 Nd6 56. Ke3 Nc4+ $1 57. Kf2 Nd2 58. Kg3 Nf1+ 59. Kg4 Nd2 60. d5 Nc4 {Precision: White = 57%, Black = 36%.} 1-0

[Event "RUS-chT Blitz Men 2018"]
[Site "Sochi"]
[Date "2018.10.10"]
[Round "3"]
[White "Kobalia, Mikhail"]
[Black "Kamsky, Gata"]
[Result "1-0"]
[WhiteElo "2620"]
[BlackElo "2666"]
[Annotator "TA"]
[PlyCount "162"]
[EventDate "2018.10.10"]
[EventType "swiss"]
[EventCountry "RUS"]
[SourceTitle "playchess.com"]
[Source "ChessBase"]
[SourceQuality "1"]

{[%evp 9,162,19,21,20,38,42,37,21,28,8,6,7,13,7,17,11,18,10,16,-49,-42,-105,-114,-108,-102,-112,-112,-112,-85,-83,-93,-92,-77,-77,-77,-77,-77,-79,-77,-77,-77,-77,-77,-77,-77,-77,-77,-97,-100,-100,-101,-98,-97,-98,-77,-79,-75,-91,-77,-135,-145,-139,-133,-149,-149,-149,-149,-149,-148,-149,-109,-149,-96,-96,-101,-104,-112,-112,-76,-76,-76,-76,-12,-72,-74,-83,-17,-17,-8,-8,0,-24,-8,-24,-24,-24,-24,-24,-24,-24,-4,-8,-11,-11,-11,-596,-592,-592,-548,-323,-59,-63,-64,-59,-64,-400,-24,-64,-64,-59,-59,-60,-60,-64,-64,-64,-64,-64,-76,-76,-75,-98,-98,-1674,-1551,-29969,-29970,-29970,-29971,-29969,0,-29945,-98,-98,-98,-29968,-29966,-29966,-29967,-12368,-739,-29980,-29981,-29990,-29991]} 1. e4 c5 2. Nf3 e6 3. g3 b6 4. Bg2 Bb7 5. d3 d6 6. O-O {B40: Sicilian: 2...e6, Unusual lines} Nd7 7. Re1 Ngf6 8. c3 {White is slightly better.} (8. Nbd2 Be7 9. a4 O-O 10. Nc4 a6 11. Bf4 e5 12. Bd2 Re8 13. Ne3 Bf8 14. c4 Bc6 15. Bh3 {1-0 (46) Carlsen,M (2838)-Pantsulaia,L (2589) chess.com INT 2017}) 8... Be7 9. Nbd2 O-O 10. a4 Qc7 11. Qe2 a6 12. d4 $146 ({Predecessor:} 12. Nh4 Ne5 {0-1 (54) Vinke,D (2218)-Virtanen,A (2348) Finland 2012}) 12... cxd4 13. cxd4 Rac8 14. e5 (14. b3 $11) 14... Nd5 $15 15. Ne4 ({Better is} 15. exd6 $15 Qxd6 16. b3) 15... dxe5 $17 16. dxe5 Nxe5 17. Bd2 Nxf3+ 18. Bxf3 Qc4 19. Qxc4 Rxc4 20. Nc3 Rd8 21. Nxd5 Bxd5 22. Be2 Rc2 23. Bc3 Bf6 24. Bxf6 gxf6 25. Bxa6 Rxb2 26. Reb1 Rxb1+ 27. Rxb1 {[%mdl 4096] Endgame KRB-KRB} Be4 28. Re1 Rd4 29. Bb5 f5 {[%cal Bf6f5,Bf5f4][%mdl 32]} 30. Kf1 {[#]} f4 $1 {[%mdl 512]} 31. Ke2 (31. gxf4 Bc2) 31... Bc2 32. Ra1 Kg7 33. Be8 f5 34. a5 (34. Bc6 $142) 34... bxa5 35. Rxa5 Bd1+ 36. Ke1 Bf3 {[%csl Gf3][%cal Rd4d1]} 37. Ra1 Kf6 38. Bb5 h5 39. Kf1 Rd2 40. gxf4 Rd4 (40... h4 $142 $1 41. Rc1 Rd4) 41. Be2 Bxe2+ 42. Kxe2 Rxf4 {KR-KR} 43. Kf1 Rg4 44. h3 Rb4 45. Kg2 f4 ({Black should play} 45... Kg5 $17 46. Ra8 Rb5) 46. Kf3 (46. Ra8 $11) 46... Kf5 47. Ra8 {[#]} Rb3+ (47... e5 $1 $17 48. Rf8+ Kg5) 48. Kg2 $11 h4 {Strongly threatening ...f3+.} 49. f3 Ke5 {And now ...Rb2+ would win.} 50. Ra4 Rd3 51. Re4+ Kf5 {Hoping for ...Rd8.} 52. Kf2 Rd2+ 53. Kg1 $1 e5 54. Ra4 Ke6 {Black wants to play ...Kd5.} 55. Ra5 Kd6 56. Rb5 $1 Ra2 57. Kf1 $2 {[%mdl 8192]} (57. Rb8 $11 {and White has nothing to worry.}) 57... Rh2 $19 58. Rb6+ Kd5 59. Rb5+ Ke6 $2 (59... Kd4 $19 60. Rb8 Rxh3) 60. Rb6+ $15 Kf5 61. Rb8 Rxh3 62. Kf2 $2 {[%mdl 8192]} ({White must play} 62. Rf8+ $15 Ke6 63. Kf2) 62... Rg3 $2 ({Black should try} 62... Rh2+ $19 63. Kg1 Rh3 64. Rf8+ Ke6) 63. Rf8+ Ke6 64. Re8+ Kd6 {...h3 is the strong threat.} 65. Rd8+ Ke7 66. Rh8 h3 67. Rh6 Kf7 {aiming for ...Kg7.} 68. Ke2 Kg7 69. Rh5 Kf6 70. Kf2 Ke6 71. Ke2 $2 {[%mdl 8192]} (71. Rh8 $17) 71... Kd5 $19 72. Kf2 Kd4 73. Ke2 Rg2+ 74. Kf1 Rg3 75. Ke2 $1 e4 $2 (75... Rg6 {mates} 76. Rxh3 Rg2+ 77. Kf1 Rb2 78. Kg1 Rb3 79. Kf2 e4 80. Ke1 Ke3 81. fxe4+ f3 82. Kd1 Kxe4 83. Kc2 {[#]} f2 $1 {[%mdl 512]} 84. Rh4+ Kf3 85. Kxb3 f1=Q 86. Rd4 Ke3 87. Rc4 Kd3 88. Rc6 Qb1+ 89. Ka4 Qb7 90. Rc5 Qa6+ 91. Kb4 Qb6+ 92. Rb5 Qd6+ 93. Kb3 Qe6+ 94. Kb4 Qe4+ 95. Kc5 Qe7+ 96. Kd5 Qd7+ 97. Kc5 Qc7+ 98. Kb4 Qc3+ 99. Ka4 Qd4+ 100. Rb4 Qd7+ 101. Ka5 Qa7+ 102. Kb5 Qb7+ 103. Ka5 Qc8 104. Rb6 Qc5+ 105. Ka6 Kc4 106. Ka7 Qd4 107. Kb7 Kc5 108. Rc6+ Kb5 109. Rc7 Qd8 110. Rc1 Qd5+ 111. Kc7 Qe5+ 112. Kd7 Qf5+ 113. Ke8 Qg6+ 114. Kd7 Qg4+ 115. Ke8 Qe2+ 116. Kf8 Qf3+ 117. Kg7 Qg4+ 118. Kh6 Qf4+ 119. Kh5 Qxc1 120. Kg4 Qe3 121. Kh4 Kc6 122. Kg4 Kd6 123. Kf5 Ke7 124. Kg6 Ke6 125. Kh5 Kf5 126. Kh4 Qc3 127. Kh5 Qh8#) 76. fxe4 $17 Kxe4 {Threatens to win with ...Rb3.} 77. Kf2 $2 {[%mdl 8192]} (77. Rh8 $17) 77... Ra3 78. Rh8 Ra2+ 79. Kg1 Ke3 (79... f3 $142 80. Re8+ Kd5) 80. Rxh3+ f3 81. Rg3 Ke2 {[%mdl 32768] Precision: White = 50%, Black = 49%. . Sensor Board Error (Ke4/e5)?} 1-0

[Event "RUS-chT Blitz Men 2018"]
[Site "Sochi"]
[Date "2018.10.10"]
[Round "3"]
[White "Chigaev, Maksim"]
[Black "Shkurkin, Andrey"]
[Result "1-0"]
[WhiteElo "2599"]
[BlackElo "2201"]
[Annotator "TA"]
[PlyCount "53"]
[EventDate "2018.10.10"]
[EventType "swiss"]
[EventCountry "RUS"]
[SourceTitle "playchess.com"]
[Source "ChessBase"]
[SourceQuality "1"]

{[%evp 25,53,22,22,22,22,29,28,33,18,33,38,40,45,35,74,75,68,6,10,-18,53,-6,157,133,183,155,189,188,340,340]} 1. e4 c5 2. Nf3 g6 3. Nc3 Bg7 4. d4 cxd4 5. Nxd4 Nc6 6. Be3 Nf6 7. Bc4 O-O 8. Bb3 d5 9. exd5 {B35: Sicilian: Accelerated Dragon with 5 Nc3: main line} Na5 10. Qd2 (10. O-O Nxb3 11. Nxb3 b6 12. d6 e6 13. Qf3 Rb8 14. Rfd1 Bb7 15. Qh3 Rc8 16. Bd4 Nd5 17. Nxd5 Bxd5 18. Bxg7 Kxg7 {1-0 (34) Vachier Lagrave,M (2796)-Gelfand,B (2719) Palma de Mallorca 2017}) 10... Nxb3 11. Nxb3 b5 12. Nxb5 Qxd5 13. Qxd5 Nxd5 {LiveBook: 4 Games} 14. Bd4 Rb8 15. Bxg7 Kxg7 16. Nxa7 Nb4 17. O-O $146 Ba6 18. Rfc1 Rb7 $1 {[%cal Rb7a7]} 19. a3 Nxc2 20. Rxc2 Rxb3 21. Nc6 (21. h4 $14) 21... Rc8 $11 22. Rac1 Bb7 (22... Bd3 $11 23. Rc3 Rxb2) 23. Nb4 (23. Nxe7 $14 Rxc2 24. Rxc2) 23... Rxc2 $2 ({Black should play} 23... Rxb2 $1 $11 24. f3 Rbxc2 25. Rxc2 Ra8) 24. Rxc2 $16 Be4 25. Re2 Bd3 {[#]} 26. Re3 $1 ({Resist} 26. Rxe7 $6 Bc4 $14) 26... Rxb2 $2 (26... Bc4) 27. Nxd3 1-0

[Event "RUS-chT Blitz Men 2018"]
[Site "Sochi"]
[Date "2018.10.10"]
[Round "3"]
[White "Kryakvin, Dmitry"]
[Black "Kostin, Alexey"]
[Result "1-0"]
[WhiteElo "2595"]
[BlackElo "2253"]
[Annotator "TA"]
[PlyCount "71"]
[EventDate "2018.10.10"]
[EventType "swiss"]
[EventCountry "RUS"]
[SourceTitle "playchess.com"]
[Source "ChessBase"]
[SourceQuality "1"]

{[%evp 16,71,11,11,29,0,0,0,0,0,12,-7,6,2,22,0,0,7,2,0,140,136,139,137,143,136,136,150,144,27,16,17,44,27,26,18,169,138,225,212,218,221,300,281,271,190,218,238,29989,29990,29994,29994,29997,29982,29982,29983,29988,29989]} 1. d4 Nf6 2. Bg5 e6 3. e4 h6 4. Bxf6 Qxf6 5. c3 c5 6. Nf3 cxd4 7. cxd4 Bb4+ 8. Nc3 O-O {A46: 1 d4 Nf6 2 Nf3 e6: Torre, London and Colle Systems} 9. Rc1 {LiveBook: 9 Games} (9. Bd3 d6 10. O-O Nc6 11. Qe2 Nxd4 12. Nxd4 Qxd4 13. Nb5 Qe5 14. Rac1 a6 15. f4 Qf6 16. e5 dxe5 17. fxe5 {1-0 (67) Bosiocic,M (2624)-Georgiev,K (2623) Riadh 2017}) 9... b6 10. a3 (10. Bd3 {keeps more tension.} Nc6 11. e5 Qd8 12. Qe2 d5 13. O-O) 10... Bxc3+ $1 {The position is equal.} 11. Rxc3 Bb7 12. Bd3 Nc6 13. e5 Qe7 14. O-O d6 $146 ({Predecessor:} 14... Rac8 15. Qe2 {½-½ (15) Pragua,C-Moehring,N (2166) Obertsdorf 2003}) 15. Qe2 dxe5 16. dxe5 {White wants to play Qe4.} Rac8 17. Rfc1 Na5 (17... Nb8 $11) 18. Rxc8 $16 Rxc8 19. Rxc8+ Bxc8 20. b4 $1 $40 {[%mdl 128] White is out for blood.} Nb7 21. Qe4 {White wants to mate with Qh7+.} g6 22. h4 ({White should play} 22. Qc4 $1 $16 {[%cal Rc4c8]} Qd8 23. h4) 22... Nd8 $1 $11 23. Qf4 h5 24. Ng5 {aiming for Ne4.} Bb7 25. Be4 Bxe4 $2 (25... Bd5 $11 {and Black stays safe.}) 26. Nxe4 $18 {White threatens Qh6 and mate.} Kg7 {[#]} (26... Qc7 $16 27. g3 Kg7) 27. Nf6 $1 Nc6 {[#]} 28. Qg5 $1 b5 29. Nxh5+ $1 Kf8 {And now ...Qxg5 would win.} 30. Nf6 {[%cal Rg5h6]} Kg7 31. h5 {[%cal Bh4h5,Bh5h6][%mdl 32] Hoping for Qc1.} Nxe5 $2 (31... Qd8 $18 32. Kh2 a6 33. hxg6 fxg6) 32. h6+ {White mates.} Kf8 33. Qxe5 Qd8 34. Nh7+ Ke8 35. Qh8+ Kd7 36. Nf6+ {Precision: White = 54%, Black = 40%.} 1-0

[Event "RUS-chT Blitz Men 2018"]
[Site "Sochi"]
[Date "2018.10.10"]
[Round "3"]
[White "Antipov, Mikhail Al."]
[Black "Chekhov, Sergei"]
[Result "1-0"]
[WhiteElo "2593"]
[BlackElo "2463"]
[Annotator "TA"]
[PlyCount "57"]
[EventDate "2018.10.10"]
[EventType "swiss"]
[EventCountry "RUS"]
[SourceTitle "playchess.com"]
[Source "ChessBase"]
[SourceQuality "1"]

{[%evp 12,57,52,49,180,157,172,186,162,193,220,196,290,288,385,378,383,412,402,-395,-396,-409,-363,-682,-246,-429,-385,-551,-469,-885,-208,-206,-207,-178,-80,-80,132,145,135,97,170,167,1339,450,29977,7154,29993,29994]} 1. e4 c5 2. Nf3 e6 3. b3 b6 4. Bb2 Bb7 5. Nc3 d6 6. d4 cxd4 7. Nxd4 a5 $146 {B40: Sicilian: 2...e6, Unusual lines} (7... a6 $14) ({Predecessor:} 7... Nf6 8. Bd3 a6 9. Qe2 b5 10. O-O-O Nbd7 11. f4 Qa5 12. e5 dxe5 13. fxe5 Ba3 14. Nxe6 fxe6 15. exf6 {1-0 (83) Garrido Dominguez,J (2395)-Sanchez Gonzalez,S (2290) Madrid 2017}) 8. Qe2 Nf6 9. O-O-O $1 Nbd7 {White is clearly better.} 10. g4 h6 11. f4 Qc7 (11... g5 {might work better.}) 12. Bg2 Rc8 {[#]} 13. e5 $1 {[%mdl 512]} Bxg2 (13... dxe5 14. Ndb5) 14. exf6 Bxh1 15. Nxe6 $4 {[%mdl 8192]} (15. Ncb5 $1 $18 {[%cal Rb5c7] is the narrow road to win.} Qc5 16. Ba3 Qxa3+ 17. Nxa3) 15... fxe6 $19 16. Qxe6+ Kd8 17. f7 $2 (17. Rxh1 Nxf6 18. Re1) 17... Nf6 $2 (17... Qc6 18. Re1 Bf3) 18. g5 $2 (18. Rxh1 {was the only chance.} Qe7 19. f5) 18... Qe7 19. Qh3 (19. Qxe7+ $142 Bxe7 20. Rxh1 hxg5 21. fxg5) 19... Nd5 20. g6 (20. Nxd5 $142 Bxd5 21. Rxd5) 20... Qe3+ $2 (20... Be4 21. Nxe4 Qxe4) 21. Qxe3 Nxe3 22. Rxh1 {White wants to play Re1.} Be7 (22... Kd7 $19 {White must now prevent ...d5.} 23. Kd2 Ng2) 23. Re1 $17 {[#]} Nf5 $2 (23... Rxc3 $1 $17 {stays on course.} 24. Bxc3 Nf5) 24. Nd5 $16 Bh4 25. Re4 {Ne3 is the strong threat.} Rc5 {[#]} (25... Bf2 $16) 26. Ne3 $1 $18 {[%cal Re3f5]} Nxe3 $2 (26... Kd7) 27. Rxe3 (27. Bxg7 $142 Rxc2+ 28. Kb1) 27... Bf6 (27... Kd7 $18 28. Bxg7 Rhc8 29. f8=N+ Kc6 30. Bxh6 Bf6) 28. Bxf6+ gxf6 29. g7 {Precision: White = 85%, Black =  3%.} 1-0

[Event "RUS-chT Blitz Men 2018"]
[Site "Sochi"]
[Date "2018.10.10"]
[Round "3"]
[White "Timofeev, Artyom"]
[Black "Malakhov, Vladimir"]
[Result "0-1"]
[WhiteElo "2580"]
[BlackElo "2661"]
[Annotator "TA"]
[PlyCount "84"]
[EventDate "2018.10.10"]
[EventType "swiss"]
[EventCountry "RUS"]
[SourceTitle "playchess.com"]
[Source "ChessBase"]
[SourceQuality "1"]

{[%evp 22,84,15,-77,-98,-438,-442,-512,-512,-511,-506,-506,-487,-668,-598,-767,-761,-694,-572,-563,-561,-595,-582,-583,-587,-581,-585,-641,-629,-670,-666,-706,-704,-871,-868,-813,-684,-669,-634,-1057,-1044,-1179,-1245,-1038,-923,-2314,-2077,-2257,-1821,-1654,-1503,-1135,-954,-1106,-848,-2224,-2274,-12834,-9406,-12842,-3164,-29984,-12844,-29989,-12846]} 1. e4 e5 2. Nf3 Nc6 3. Nc3 Nf6 4. d4 exd4 5. Nxd4 Bb4 6. Nxc6 bxc6 7. Bd3 O-O 8. O-O d5 9. exd5 cxd5 10. Bg5 c6 11. Qf3 h6 {[%cal Bh7h6,Bh6g5][%mdl 32]} 12. Bh4 {[#] LiveBook: 5 Games. C47: Scotch Four Knights and Four Knights with 4 g3} (12. Bxf6 $11 Qxf6 13. Qxf6 gxf6 14. Ne2) (12. Bxf6 Qxf6 13. Qxf6 gxf6 14. Ne2 Bd6 15. Nd4 c5 16. Nf5 Bxf5 17. Bxf5 Be5 18. Rad1 Bxb2 19. Rxd5 Bd4 20. c3 Bxc3 21. Rxc5 Bd4 22. Rc4 Rfd8 23. Rfc1 Bb6 24. Rc8 Raxc8 25. Rxc8 Rxc8 26. Bxc8 {½-½ (26) Ganguly,S (2650)-Harikrishna,P (2744) Riadh 2017}) 12... g5 $1 $17 {[%cal Rg5h4]} 13. Qg3 $2 {[%mdl 8192]} (13. Bg3 $17 {nothing else works.}) 13... Bd6 $19 14. f4 {Bxg5! is the strong threat.Black is clearly winning.} Ng4 15. Bxg5 hxg5 16. h3 $146 Bxf4 17. Qf3 Ne5 18. Qe2 Qb6+ 19. Kh1 Qe3 20. Qxe3 Bxe3 21. Bf5 Bxf5 22. Rxf5 f6 23. Ne2 Kg7 24. Rff1 Kg6 25. Rae1 d4 26. Rd1 c5 {[%cal Bc6c5,Bc5b4][%mdl 32]} 27. b4 cxb4 28. Nxd4 Bxd4 29. Rxd4 a5 30. a3 bxa3 31. Ra4 Rfc8 32. Rxa3 Rxc2 33. Rfa1 Nc4 34. Ra4 Ne3 35. Rg1 Rd2 36. Ra3 Nf5 37. Rga1 Nh4 38. g3 Nf5 39. g4 Nd4 40. Rc1 a4 41. Rb1 Nc2 (41... Re8 $142 42. Rg1 Ree2 43. Rgg3 Rh2+ 44. Kg1 Rdf2 45. Rge3 Nc2 46. Rad3 Nxe3 47. Rxe3 Rb2 48. Re8 a3 49. h4 Rhc2 50. h5+ Kf7 51. Re1 a2 52. Kf1 Rb1 53. h6 Rxe1+ 54. Kxe1 a1=Q#) 42. Ra2 Rh8 {Precision: White = 12%, Black = 97%.} (42... Re8 $142 43. Rf1 Ree2 44. Rxc2 Rxc2 45. Ra1 Rb2 46. Rc1 Rec2 47. Ra1 {[#]} a3 $1 {[%mdl 512]} 48. h4 gxh4 49. Re1 a2 50. Rd1 Rb1 51. Rg1 Rxg1+ 52. Kxg1 a1=Q#) 0-1

[Event "RUS-chT Blitz Men 2018"]
[Site "Sochi"]
[Date "2018.10.10"]
[Round "3"]
[White "Rozum, Ivan"]
[Black "Nazaretyan, Tigran"]
[Result "1-0"]
[WhiteElo "2573"]
[BlackElo "2248"]
[Annotator "TA"]
[PlyCount "63"]
[EventDate "2018.10.10"]
[EventType "swiss"]
[EventCountry "RUS"]
[SourceTitle "playchess.com"]
[Source "ChessBase"]
[SourceQuality "1"]

{[%evp 14,63,35,45,51,0,0,8,11,-22,0,0,0,-20,-1,-12,-9,-8,18,16,6,2,22,23,16,20,38,26,28,0,73,-33,-35,-70,-12,-13,-13,-86,-75,-91,-32,-24,0,0,0,0,48,48,50,58,50,19]} 1. Nf3 Nf6 2. g3 d5 3. Bg2 Nc6 4. d4 Bf5 5. O-O e6 6. c4 Be7 7. Nc3 O-O 8. Ne5 {LiveBook: 12 Games} dxc4 {D02: 1 d4 d5 2 Nf3 sidelines, including 2...Nf6 3 g3 and 2...Nf6 3 Bf4} 9. Nxc6 bxc6 10. Bxc6 $146 ({Predecessor:} 10. e4 Bg6 11. Be3 Rb8 12. Qe2 c5 13. Rfd1 c6 14. dxc5 Qa5 15. Qxc4 Rb4 16. Qe2 {1-0 (48) Malakhov,I (2441)-Duzhakov,I (2341) St Petersburg 2014}) 10... Rb8 {The position is equal.} 11. Bg2 c5 12. d5 exd5 13. Nxd5 Nxd5 14. Bxd5 Bf6 {...Qe7 is the strong threat.} 15. Bxc4 Bxb2 16. Bxb2 Rxb2 17. Rc1 Rd2 18. Qa4 Bh3 {Strongly threatening ...Qa8.} 19. Rfd1 Qa8 {[%csl Gh3][%cal Ra8g2] [#]} 20. f3 Qd8 21. Bb3 Qg5 (21... Qe7 $11 22. Qe4 (22. Bxf7+ $2 Rxf7 23. Rxd2 Qe3+ 24. Kh1 Qxd2 $19) 22... Qxe4 23. fxe4 Rxe2) 22. f4 ({White should play} 22. Kf2 $16) 22... Qe7 $15 {( -> ...Qe3+)} 23. e4 ({Wrong is} 23. Bxf7+ $2 Rxf7 24. Rxd2 Qe3+ 25. Kh1 Qxd2 $19) 23... Rfd8 (23... Rg2+ $1 $15 24. Kh1 Re2) 24. Rxd2 $1 $11 Rxd2 25. Qc4 (25. Rd1 $1 $11 Rg2+ 26. Kh1) 25... h5 26. Rd1 Rxd1+ (26... Be6 $17 27. Qc3 Rxd1+ 28. Bxd1 g6) 27. Bxd1 $15 Qd8 28. Bb3 Qd7 29. Qd5 Qe7 30. Qxh5 {White is slightly better.} Be6 31. Qe5 {[#] aiming for f5.} Qd7 $1 32. Bxe6 {[%mdl 32768] Precision: White = 35%, Black = 42%. . Loss on Time!?} 1-0

[Event "RUS-chT Blitz Men 2018"]
[Site "Sochi"]
[Date "2018.10.10"]
[Round "3"]
[White "Bocharov, Ivan"]
[Black "Ponkratov, Pavel"]
[Result "1-0"]
[WhiteElo "2563"]
[BlackElo "2628"]
[Annotator "TA"]
[PlyCount "135"]
[EventDate "2018.10.10"]
[EventType "swiss"]
[EventCountry "RUS"]
[SourceTitle "playchess.com"]
[Source "ChessBase"]
[SourceQuality "1"]

{[%evp 19,135,38,37,41,57,50,62,51,43,16,128,107,112,-520,28,23,27,43,83,89,79,88,82,81,85,78,109,87,93,91,99,71,60,52,90,10,39,4,3,7,18,16,214,208,178,102,228,201,273,270,300,282,339,338,338,324,622,458,529,367,361,307,298,305,402,305,416,416,396,252,236,26,37,36,36,3,92,31,55,0,0,0,0,0,0,0,0,0,22,0,34,8,22,0,22,22,37,30,60,23,410,408,531,512,691,375,375,375,12834,1342,12836,12836,12840,12836,12841,12841,12842,12843]} 1. e4 g6 2. d4 Bg7 3. Nc3 d5 4. exd5 Nf6 5. Bc4 Nbd7 6. Nf3 O-O {B06: Modern Defence} 7. O-O Nb6 8. Bb3 a5 9. a4 Nbxd5 10. Nxd5 Nxd5 {LiveBook: 28 Games} 11. Re1 (11. h3 c6 12. Re1 Be6 13. Ng5 Bf5 14. c3 {½-½ (60) Fedorchuk,S (2604)-Chatalbashev,B (2546) Ferreira do Alentejo 2018}) 11... e6 12. Ne5 b6 $146 ({Predecessor:} 12... c6 13. c3 Qc7 14. Qf3 {0-1 (28) Derakhshani,D (2306)-Yu,J (2367) Saint Louis 2018}) 13. Qf3 Ba6 14. Nc6 Qd6 (14... Qd7 $1 $11 15. Ne5 Qd6) 15. Bxd5 $1 $16 exd5 16. Qxd5 $2 {[%mdl 8192]} (16. Ne7+ $16 Kh8 17. Bf4 (17. Qxd5 Qxd5 18. Nxd5 Bc4 $14)) 16... Qxd5 $2 ({Black should play} 16... Rae8 $19 17. Rxe8 Rxe8 18. Ne7+ Qxe7) 17. Ne7+ $11 Kh8 18. Nxd5 Bb7 19. Nxc7 Rac8 20. Bf4 Bxd4 21. c3 Bc5 22. Nb5 Rcd8 23. Be5+ Kg8 24. Bd4 Bd5 25. Bxc5 bxc5 26. f3 Bb3 27. Re2 (27. Re5 $16) 27... Rd5 28. Na7 Ra8 29. Nc6 $36 {[%mdl 2048] Ne7+ is the strong threat. Black is under pressure.} Kg7 30. Re5 Rd2 $2 (30... Rxe5 $11 {and Black is okay.} 31. Nxe5 Rd8) 31. Rxc5 $18 Rxb2 32. Rxa5 (32. Rb5 $18 Re8 33. Nd4 (33. Rxa5 Ree2 $11)) 32... Re8 (32... Rc8 $16 {was worth a try.} 33. Nd4 Ba2) 33. Nd4 $1 Bc4 34. Rc5 Bd3 35. a5 h5 36. h4 Reb8 37. Rc7 Rd2 $2 (37... Rb1+ 38. Rxb1 Rxb1+ 39. Kf2 Ra1) 38. Ne6+ Kg8 39. Nf4 Ba6 40. Rc6 Ra8 41. c4 {[%cal Bc3c4,Bc4c5][%mdl 32]} Rc2 42. c5 Rc4 43. Nd5 Bb7 44. Nb6 Rxa5 {[#]} 45. Rc8+ $2 ({Weaker is} 45. Rxa5 Rc1+ 46. Kf2 Bxc6 $14) ({White has to play} 45. Rxg6+ $1 $18 {[%mdl 512]} fxg6 46. Rxa5 Rc1+ 47. Kf2) 45... Bxc8 $11 46. Rxa5 {[%mdl 4096] Endgame KRB-KRN} Rc1+ 47. Kh2 Bb7 (47... Be6 $11 {keeps the balance.}) 48. Nd7 (48. Ra7 $16 Bc6 49. Rc7) 48... Kg7 49. Ra7 (49. Kg3 $14) 49... Bd5 50. Rc7 Rc2 {Threatens to win with ...Bxf3.} 51. Kg3 Be6 52. Ne5 Kf6 53. Nd3 Kf5 54. Nf4 Bb3 55. Rb7 Ba2 56. Ra7 Bb3 57. Ra5 Kf6 58. Ra6+ Ke5 59. Rb6 Ba2 $2 {[%mdl 8192]} (59... Bc4 $11 {and Black has nothing to worry.}) 60. Nd3+ $18 Kd4 61. Nb4 Re2 62. Nxa2 Rxa2 {[#] KR-KR} 63. Rb7 $1 Kxc5 $2 (63... Rc2 64. Rxf7 Rxc5) 64. Rxf7 {White is clearly winning.} Ra6 65. Kf4 Kd4 66. Rd7+ Kc3 67. Kg5 Ra2 68. g4 {Precision: White = 53%, Black = 21%.} 1-0